Calculus / (رقم التسجيلة. 36145)
[ عرض عادي ]
| 000 -الفاتح | |
|---|---|
| حقل البيانات ثابتة الطول | 00611nam a22002297a 4500 |
| 003 - محدد رقم الضبط | |
| رقم الضبط | OSt |
| 005 - وقت وتاريخ اخر تعامل مع التسجيلة | |
| رقم الضبط | 20150408114228.0 |
| 008 - عناصر البيانات ثابتة الطول - معلومات عامة | |
| حقل البيانات ثابتة الطول | 130804s2013 nyu f a 001 0 eng d |
| 020 ## - الرقم الدولى المعيارى للكتب | |
| الرقم الدولى المعيارى للكتاب | 9780321781079 |
| 020 ## - الرقم الدولى المعيارى للكتب | |
| الرقم الدولى المعيارى للكتاب | 9780321862938 |
| 040 ## - مصدر الفهرسة | |
| وكالة الفهرسة الأصلية | Ma-Un |
| 041 ## - رمز اللغة | |
| رمز لغة النص/ المسارات الصوتية أو العنوان الانفرادي | eng |
| 082 00 - رقم تصنيف ديوى العشرى | |
| رقم الطبعة | 22 |
| رقم التصنيف | 515.15 |
| رقم المادة | ARC |
| 100 ## - المدخل الرئيسى - إسم شخصى | |
| الإسم الشخصى | Adams,ROBERT A. |
| 245 10 - بيان العنوان | |
| العنوان | Calculus / |
| بيان المسئوليه,etc | ROBERT A. |
| 250 ## - بيان الطبعة | |
| بيان الطبعة | 8th. ed. |
| بقية بيان الطبعة | .international ed |
| 260 ## - PUBLICATION, DISTRIBUTION, ETC. (IMPRINT) | |
| مكان الناشر او الموزع | New York : . |
| اسم الناشر او الموزع | Cengage Learning International Office, |
| تاريخ النشر أو التوزيع | 2013 |
| 300 ## - الوصف المادى | |
| التعداد | ix, 1194 p. : . |
| تفاصيل ماديه اخرى للوعاء | ill. ; |
| أبعاد الوعاء | 28 cm |
| 500 ## - تبصرة عامة | |
| تبصرة عامة | Includes Index |
| 650 00 - المدخل الاضافى بالموضوع-مصطلح موضوعى | |
| مصطلح موضوعي أو اسم جغرافي كعنصر مدخل | Calculus. |
| 942 ## - | |
| -- | ddc |
| -- | BOOK |
| 999 ## - | |
| -- | 36145 |
| -- | 270645 |
| حالة الفقد | نموذج السعر الفعال | حالة تلف | ليس للاعارة | رقم الطلب | تاريخ الاكتساب | Serial Enumeration / chronology | الباركود | الفرع الرئيسي | Date last seen | نوع المادة فى نظام كوها | مصدر التصنيف او خطة الترفيف | Total Checkouts | Date last checked out | Total Renewals | رقم النسخة |
|---|---|---|---|---|---|---|---|---|---|---|---|---|---|---|---|
| 2014-10-23 | 515.15 ARC | 2014-10-23 | CL | 00405425 | المكتبة المركزية بالمجمعة (CL) | 2014-10-23 | كتاب | Dewey Decimal Classification | |||||||
| 2014-10-23 | 515.15 ARC | 2014-10-23 | CL | 00405426 | المكتبة المركزية بالمجمعة (CL) | 2014-10-23 | كتاب | Dewey Decimal Classification | |||||||
| 2014-10-23 | 515.15 ARC | 2014-10-23 | CL | 00405427 | المكتبة المركزية بالمجمعة (CL) | 2018-01-02 | كتاب | Dewey Decimal Classification | 1 | 2017-09-17 | |||||
| 2014-10-24 | 515.15 ARC | 2014-10-24 | CL | 00405931 | المكتبة المركزية بالمجمعة (CL) | 2014-10-24 | كتاب | Dewey Decimal Classification | V.2 | ||||||
| 2014-10-24 | 515.15 ARC | 2014-10-24 | CL | 00405932 | المكتبة المركزية بالمجمعة (CL) | 2014-10-24 | كتاب | Dewey Decimal Classification | V.2 | ||||||
| 2014-10-24 | 515.15 ARC | 2014-10-24 | CL | 00405933 | المكتبة المركزية بالمجمعة (CL) | 2018-01-02 | كتاب | Dewey Decimal Classification | 1 | 2017-09-17 | V.2 | ||||
| 2014-10-23 | 515.15 ARC | 2014-10-23 | EZF | 00405429 | مكتبة مجمع الكليات بالزلفى - طلاب (SZM) | 2017-01-09 | كتاب | Dewey Decimal Classification | 1 | 2016-11-21 | 1 | ||||
| 2014-10-24 | 515.15 ARC | 2014-10-24 | IC | 00405926 | قسم الاجراءات الفنية (IC) | 2014-10-24 | كتاب | Dewey Decimal Classification | |||||||
| 2014-10-24 | 515.15 ARC | 2014-10-24 | IC | 00405927 | قسم الاجراءات الفنية (IC) | 2014-10-24 | كتاب | Dewey Decimal Classification | |||||||
| 2014-10-24 | 515.15 ARC | 2014-10-24 | IC | 00405928 | قسم الاجراءات الفنية (IC) | 2014-10-24 | كتاب | Dewey Decimal Classification | |||||||
| 2014-10-24 | 515.15 ARC | 2014-10-24 | SHM | 00405929 | مكتبة كلية التمريض - طلاب (CNM) | 2014-10-24 | كتاب | Dewey Decimal Classification | |||||||
| 2014-10-24 | 515.15 ARC | 2014-10-24 | SHM | 00405930 | مكتبة كلية التمريض - طلاب (CNM) | 2014-10-24 | كتاب | Dewey Decimal Classification | |||||||
| 2014-10-23 | 515.15 ARC | 2014-10-23 | SZM | 00405428 | مكتبة مجمع الكليات بالزلفى - طلاب (SZM) | 2014-10-23 | كتاب | Dewey Decimal Classification | |||||||
| 2014-10-24 | 515.15 ARC | 2014-10-24 | SZM | 00405934 | مكتبة مجمع الكليات بالزلفى - طلاب (SZM) | 2014-10-24 | كتاب | Dewey Decimal Classification | V.2 | ||||||
| 2014-10-24 | 515.15 ARC | 2014-10-24 | SZM | 00405935 | مكتبة مجمع الكليات بالزلفى - طلاب (SZM) | 2014-10-24 | كتاب | Dewey Decimal Classification | V.2 |
